| 000 | 00481nam a22001817a 4500 | ||
|---|---|---|---|
| 003 | OSt | ||
| 005 | 20260130135209.0 | ||
| 008 | 260130b |||||||| |||| 00| 0 eng d | ||
| 020 | _a0063181916 | ||
| 040 | _cKABLIB | ||
| 082 |
_223 _a150.3 _bSTA |
||
| 100 |
_aStatt,David _914927 |
||
| 245 |
_aA Dictionary of Human Behaviour / _cDavid Statt |
||
| 260 |
_aLondon : _bHarper & Row Publishers , _cc1981 . |
||
| 300 |
_a132p. ; _bill.; _c21cm |
||
| 650 | _apsychology | ||
| 942 |
_2ddc _cBOOK |
||
| 999 |
_c5914 _d5914 |
||